00366nam a2200121Ia 4500003000400000005001700004008004100021082002100062245006700083260006800150300000700218700001900225OSt20230214142720.0140316s9999 xx 000 0 und d a658 .045bGOV/RE aResidential vital rates in corporation and municipalities 1984 aThiruvanathapurambDepartment of economics and statisticsc1986 a29 aGovt Of Kerala